000 00477nam a2200169 i 4500
001 94727
003 ES-MaACL
005 20230906181536.0
007 t|
008 050512s1970 sp ||||1| spa d
100 1 _aLowe, Marjorie G.
_974375
245 1 0 _aJessica, la rebelde /
_cMarjorie G. Lowe; [traducción Arturo Roca].
260 _aBarcelona :
_bMateu,
_c1970.
300 _a336 p. ;
_c19 cm.
700 1 _aRoca, Arturo.
_997970
852 _aES-MaACL
_jC-40550
_bR.74283
999 _c94727
_d94727